Commercializaton of geothermal resources : [a conference], November 28-30, 1978, San Diego, California.

Bibliographic Details
Corporate Author: Geothermal Resources Council
Format: Book
Language:English
Published: Davis, Calif. : Geothermal Resources Council, [1978]
Subjects:

MARC

Tag First Indicator Second Indicator Subfields
LEADER 00000cam a2200000 i 4500
001 in00000076650
005 20151008053732.0
008 790705s1978 caua b 10100 eng d
035 |a (OCoLC)05138258 
035 |9 AAH8470AM 
040 |a UIU  |c UIU  |d m.c.  |d TXA  |d UtOrBLW 
043 |a n-us--- 
049 |a TXAM  |c [387238] 
090 |a HD9682.U52  |b C6 
092 |a 333.8  |b C736 
245 0 0 |a Commercializaton of geothermal resources :  |b [a conference], November 28-30, 1978, San Diego, California. 
264 1 |a Davis, Calif. :  |b Geothermal Resources Council,  |c [1978] 
264 4 |c ©1978 
300 |a i, 77 pages :  |b illustrations ;  |c 28 cm. 
336 |a text  |b txt  |2 rdacontent 
337 |a unmediated  |b n  |2 rdamedia 
338 |a volume  |b nc  |2 rdacarrier 
500 |a Cover title: A conference on the commercialization of geothermal resources. 
500 |a Papers presented to the conference. 
504 |a Includes bibliographies and indexes. 
650 0 |a Geothermal resources  |z United States. 
650 0 |a Geothermal leases  |z United States. 
710 2 |a Geothermal Resources Council. 
740 2 |a A conference on the commercialization of geothermal resources. 
999 |a MARS 
999 f f |s 352d8599-8e7b-3313-a33f-f5463967d1a9  |i 4c105e88-1522-3dce-90e2-ecea9a51348a  |t 0 
952 f f |p normal  |a Texas A&M University  |b College Station  |c Sterling C. Evans Library  |d Evans: Library Stacks  |t 0  |e HD9682.U52 C6  |h Library of Congress classification  |i unmediated -- volume  |m A14806131775 
998 f f |a HD9682.U52 C6  |t 0  |l Evans: Library Stacks